Statistiques concernant Mots français d'origine persane

Cliquez ici pour prendre le quiz!

Statistiques générales

  • Ce quiz a été pris 3 817 fois
    (3 775 depuis la dernière actualisation)
  • Le résultat moyen est 9 sur 20

Statistiques - réponses

DéfinitionsMotsLettres% Correct
Couleur bleue, qui est celle du ciel purAzurA
97%
Corps embaumé, et particulièrement de l’Égypte antiqueMomieM
82%
Absence de réussite dans un acte entreprisÉchecE
81%
Caisse de forme cylindrique, dont les deux fonds sont formés de peaux tendues,
sur l’une desquelles on frappe avec des baguettes pour en tirer des sons
TambourT
68%
Vêtement féminin consistant en un carré de tissu que l'on
met sur son dos et ses épaules pour se tenir au chaud
ChâleC
60%
Sédiment crayeux et salin qui s’attache aux dentsTartreT
60%
Plante de la famille des liliacées, à racine bulbeuse, à tige haute, qui porte une belle fleur et dont il existe un très grand nombre de variétésTulipeT
55%
Ministre d’un prince musulmanVizirV
55%
Divers types de viande rôtie et épicée à l’orientaleKébabK
50%
Pipe formée d’un fourneau, où brûle le tabac, et d’un long
tuyau qui traverse un vase rempli d’eau parfumée
Narguilé, NarghiléN
49%
Instrument de musique indien à cordes pincées.SitarS
39%
Pot-de-vin, dessous-de-tableBakchichB
32%
Autre nom de la langue persaneFarsiF
32%
(Jeu d’échecs) Mettre sa tour auprès de son roi, et faire passer le roi de l’autre côtéRoquerR
27%
Terme péjoratif désignant un individu rusé et débrouillard, souvent en banlieueLascarL
25%
Langue nationale du Pakistan très proche du hindi, mais influencée par le perseOurdouO
25%
Partie supérieure de la tenue des jockeysCasaqueC
24%
Sabre à la lame très large et recourbée, principalement utilisé au Moyen-OrientCimeterreC
23%
Relatif à l’empire fondé en 1526 et qui régna sur l’Inde jusqu’à la conquête britanniqueMogholM
21%
Riz cuit avec des morceaux de viande, de volaille ou de poisson et très épicéPilafP
16%

Distribution des résultats

Percentile par nombre de réponses

% des personnes avec chaque résultat

Votre développement - résultats

Vous n’avez pas pris ce quiz depuis la dernière actualisation